| 000 | 01057cam a2200301 i 4500 | ||
|---|---|---|---|
| 001 | 160534 | ||
| 003 | ARRUPE | ||
| 005 | 20150128020008.0 | ||
| 008 | 830517s1967 cauach 001 0 eng d | ||
| 035 | _a(OCoLC)907697 | ||
| 035 | _a(OCoLC)ocm00907697 | ||
| 035 | _a(CStRLIN)NYCG83-B35707 | ||
| 035 | _a(NNC)160534 | ||
| 040 |
_dNNC _carrupe |
||
| 090 |
_aQB41 _b.G1356 1967 |
||
| 100 | 1 |
_aGalilei, Galileo, _d1564-1642. _911368 |
|
| 240 | 1 | 0 |
_aDialogo dei massimi sistemi. _lEnglish |
| 245 | 1 | 0 |
_aDialogue concerning the two chief world systems, Ptolemaic & Copernican / _cGalileo Galilei ; translated by Stillman Drake ; foreword by Albert Einstein. |
| 250 | _a2nd ed. | ||
| 260 |
_aBerkeley : _bUniversity of California Press, _cc1967. |
||
| 300 |
_axxvii, 496 p. : _bill., facsims., port. ; _c24 cm. |
||
| 500 | _aForeword in English and German. | ||
| 504 | _aIncludes bibliographical notes and index. | ||
| 650 | 0 |
_aAstronomy _vEarly works to 1800. _913920 |
|
| 651 | 0 |
_aSolar system. _913921 |
|
| 942 |
_2lcc _cMONOGRAPH _02 |
||
| 999 |
_c121654 _d121654 |
||